Introduction to nursing research : (Record no. 18160)
[ view plain ]
| 000 -LEADER | |
|---|---|
| fixed length control field | 00689nam a22002537a 4500 |
| 003 - CONTROL NUMBER IDENTIFIER | |
| control field | OSt |
| 005 - DATE AND TIME OF LATEST TRANSACTION | |
| control field | 20150911075210.0 |
| 008 - FIXED-LENGTH DATA ELEMENTS--GENERAL INFORMATION | |
| fixed length control field | 130209t xxu||||| |||| 00| 0 eng d |
| 020 ## - INTERNATIONAL STANDARD BOOK NUMBER | |
| International Standard Book Number | 9715843778 |
| 050 ## - LIBRARY OF CONGRESS CALL NUMBER | |
| Classification number | RT 81.5 |
| Item number | .V472 2004 |
| 100 ## - MAIN ENTRY--PERSONAL NAME | |
| Personal name | Venzon, Lydia M. |
| 245 ## - TITLE STATEMENT | |
| Title | Introduction to nursing research : |
| Statement of responsibility, etc | Lydia M. Venzon. |
| Remainder of title | quest for quality nursing / |
| 260 ## - PUBLICATION, DISTRIBUTION, ETC. (IMPRINT) | |
| Place of publication, distribution, etc | Quezon City : |
| Name of publisher, distributor, etc | C & E Pub., |
| Date of publication, distribution, etc | 2004. |
| 300 ## - PHYSICAL DESCRIPTION | |
| Extent | 187 pages : |
| Dimensions | 21.6 cm. |
| 500 ## - GENERAL NOTE | |
| General note | Includes bibliographical references, glossary and index. |
| 562 ## - COPY AND VERSION IDENTIFICATION NOTE | |
| Number of copies | 6 |
| 942 ## - ADDED ENTRY ELEMENTS (KOHA) | |
| Source of classification or shelving scheme | Library of Congress Classification |
| Koha item type | Books |
| Call number prefix | Local |
| Withdrawn status | Lost status | Source of classification or shelving scheme | Damaged status | Home library | Current library | Shelving location | Date acquired | Total Checkouts | Full call number | Barcode | Date last seen | Copy number | Price effective from | Koha item type | Source of acquisition | Sub Shelving location |
|---|---|---|---|---|---|---|---|---|---|---|---|---|---|---|---|---|
| Library of Congress Classification | Archives | Archives | 12/16/2013 | RT 81.5 .V472 2004 | C7173 | 05/15/2018 | 2 | 12/16/2013 | Books | Donation | ||||||
| Library of Congress Classification | Archives | Archives | 12/16/2013 | RT 81.5 .V472 2004 | C7174 | 05/15/2018 | 3 | 12/16/2013 | Books | Donation | ||||||
| Library of Congress Classification | Archives | Archives | 12/16/2013 | RT 81.5 .V472 2004 | C7176 | 05/15/2018 | 4 | 12/16/2013 | Books | Donation | ||||||
| Library of Congress Classification | Archives | Archives | 12/16/2013 | RT 81.5 .V472 2004 | C7177 | 05/15/2018 | 5 | 12/16/2013 | Books | Donation | ||||||
| Library of Congress Classification | College Library | College Library | General Circulation Section | 12/16/2013 | RT 81.5 .V472 2004 | C6169 | 10/13/2025 | 1 | 12/16/2013 | Books | ||||||
| Library of Congress Classification | College Library | College Library | General Circulation Section | 12/16/2013 | RT 81.5 .V472 2004 | C7975 | 05/15/2018 | 6 | 12/16/2013 | Books | ||||||
| Library of Congress Classification | College Library | College Library | General Circulation Section | 09/11/2015 | RT 81.5 .V472 2004 | C20000 | 05/15/2018 | 09/11/2015 | Books | Donation |